000 004720000a22001930004500
001 858
003 CO-MdBIC
005 20220422175626.0
020 _a0-8024-3068-6
040 _bspa.
_cCO-MdBIC
041 _aeng
082 0 4 _a22
_2818HC
_bH87gse
100 1 _aMoore, Judy Hull
245 1 0 _aGods Plan for Seeds
_c/ Judy Hull Moore
260 _aChicago : Children Books
300 _a19 páginas;
_bilustrado:
_c12 cm.
650 1 4 _aLiteratura Infantil
942 _cLGB
999 _c48062
_d48062